| 000 | 00872nam a22002297a 4500 | ||
|---|---|---|---|
| 005 | 20221227131045.0 | ||
| 008 | 221227b ||||| |||| 00| 0 eng d | ||
| 020 | _a0195641043 | ||
| 040 | _cAL | ||
| 041 | _aEnglish | ||
| 082 |
_223 _a954.03 _bALON |
||
| 100 |
_aAloysius G _967789 |
||
| 245 | _aNationalism Without a Nation in India | ||
| 260 |
_aDelhi _bOxford University Press _c1997 |
||
| 300 |
_axii,265 p. _bHB _c22x14 cm. |
||
| 520 | _aThis book is a hard-hitting sociological critique of India's nationalist historiography. The National Movement is also examined critically. Students of sociology, social anthropology, political science, and Indian history will take an interest in this volume. | ||
| 650 |
_aNationalism _967790 |
||
| 650 |
_aIndia _967791 |
||
| 650 |
_aPolitics and government _967792 |
||
| 700 |
_aALOYSIUS (G) _967793 |
||
| 942 |
_2ddc _cDB |
||
| 999 |
_c226094 _d226094 |
||